00713nam a2200193 a 450000100100000000500170001000800410002702000160006804000250008408200170010910000380012624500840016426000340024830000280028265000620031004900090037295201210038199900170050200002248220200930021632.0101012s2001 sp a 000 0 spa d z84755561225 aDO-SdBNPbspacBNPHU a128.2bC334m1 aCasacuberta Sevilla, David94632613aLa mente humana :bcinco enigmas y cien preguntas /cDavid Casacuberta Sevilla. aBarcelona :bOcéano,c2001. a222 p. :bil. ;c23 cm. 4aFilosofía de la mentexConciencia (psicología)946327 aBNPD 001054708MOaGRbGRcCTd2010-10-12iLF1l0o128.2 C334mp22482-10r2020-06-25w2020-06-25y4ZPréstamo en sala c21980d21980